[Event "12. Friedrichrodaer Open"]
[Site "Friedrichroda"]
[Date "2008.08.06"]
[Round "1.1"]
[White "Gutman, Lev"]
[Black "Jörges, Frank"]
[Result "1-0"]
[WhiteElo "2497"]
[BlackElo "2018"]
[PlyCount "60"]
[EventDate "2008.08.??"]
[EventType "swiss"]
[EventRounds "7"]
[WhiteTeam "SC Melle 03"]
[BlackTeam "ESV Lok Meiningen"]

1. Nf3 d5 2. g3 Nf6 3. Bg2 c6 4. O-O Nbd7 5. d4 g6 6. c4 Bg7 7. cxd5 cxd5 8.
Nc3 O-O 9. Bf4 Qb6 10. Qd3 e6 11. Rfc1 Nh5 12. Bd2 a6 13. a4 Qd6 14. e4 dxe4
15. Nxe4 Qb8 16. Bb4 Re8 17. Bd6 Qa7 18. Ne5 Nhf6 19. Ng5 Nxe5 20. dxe5 Nd7 21.
Qf3 f6 22. Nxe6 Nxe5 23. Bxe5 Bxe6 24. Bf4 Re7 25. Bd6 Rd7 26. Bc5 Qb8 27. Rd1
Rf7 28. Re1 Qc8 29. Qe3 Bh3 30. Bd5 Qc7 1-0

[Event "12. Friedrichrodaer Open"]
[Site "Friedrichroda"]
[Date "2008.08.06"]
[Round "1.2"]
[White "Zimmer, Frank"]
[Black "Langheinrich, Ferenc"]
[Result "0-1"]
[WhiteElo "1796"]
[BlackElo "2412"]
[PlyCount "54"]
[EventDate "2008.08.??"]
[EventType "swiss"]
[EventRounds "7"]
[WhiteTeam "SK Nürnberg 1911 - Grundig e.V."]
[BlackTeam "SV Empor Erfurt"]

1. e4 c5 2. d4 cxd4 3. c3 Nf6 4. e5 Nd5 5. cxd4 Nc6 6. Nf3 d6 7. Be2 e6 8. Nc3
Nxc3 9. bxc3 dxe5 10. dxe5 Qxd1+ 11. Bxd1 Bd7 12. Rb1 b6 13. Be2 Rc8 14. Bd2
Na5 15. Nd4 Nc4 16. f4 Be7 17. Nb5 Bxb5 18. Rxb5 O-O 19. Rb3 Rfd8 20. Bxc4 Rxc4
21. Ke2 Re4+ 22. Kf3 Ra4 23. Rb2 Kf8 24. Be3 Rd3 25. Rc2 Bc5 26. Re1 Rc4 27.
Kf2 Rxf4+ 0-1

[Event "12. Friedrichrodaer Open"]
[Site "Friedrichroda"]
[Date "2008.08.06"]
[Round "1.3"]
[White "Natsidis, Christoph"]
[Black "Neumann, Karsten"]
[Result "1-0"]
[WhiteElo "2309"]
[BlackElo "1690"]
[PlyCount "41"]
[EventDate "2008.08.??"]
[EventType "swiss"]
[EventRounds "7"]
[WhiteTeam "SC Leipzig-Gohlis"]
[BlackTeam "TSG Neuruppin"]

1. d4 Nf6 2. c4 g6 3. f3 d5 4. cxd5 Qxd5 5. Nc3 Qa5 6. e4 c6 7. Be3 Bg7 8. Qd2
h5 9. Bc4 Qb4 10. Bb3 a5 11. e5 Ng8 12. e6 Bxe6 13. Bxe6 fxe6 14. O-O-O Qc4 15.
Qc2 Kf7 16. Nh3 Bh6 17. Bxh6 Nxh6 18. Ng5+ Kg7 19. Rhe1 Nf5 20. Nxe6+ Kh7 21.
g4 1-0

[Event "12. Friedrichrodaer Open"]
[Site "Friedrichroda"]
[Date "2008.08.06"]
[Round "1.4"]
[White "von Bassewitz, Ingo"]
[Black "Hansch, Torsten"]
[Result "1/2-1/2"]
[WhiteElo "1678"]
[BlackElo "2226"]
[PlyCount "75"]
[EventDate "2008.08.??"]
[EventType "swiss"]
[EventRounds "7"]
[WhiteTeam "TuS 1860 Magdeburg"]
[BlackTeam "Stendaler Schachklub e.V."]

1. Nf3 d5 2. g3 Nf6 3. Bg2 Nc6 4. c4 e5 5. cxd5 Nxd5 6. d3 Bc5 7. O-O O-O 8. a3
a5 9. Qc2 Bb6 10. Bg5 f6 11. Bd2 Be6 12. Nc3 Qd6 13. Nb5 Qd7 14. e4 Nde7 15.
Be3 Nd4 16. Nbxd4 exd4 17. Bd2 a4 18. e5 Bb3 19. Qb1 c5 20. exf6 gxf6 21. Bh6
Rfe8 22. Nd2 Bd5 23. Bxd5+ Nxd5 24. Qa2 Kh8 25. Rae1 Qf5 26. Rxe8+ Rxe8 27. Ne4
Rd8 28. Qc4 Qh5 29. Bc1 Qf3 30. Re1 Ba5 31. Nd2 Bxd2 32. Bxd2 b6 33. Qxa4 Qxd3
34. Re8+ Rxe8 35. Qxe8+ Kg7 36. Qd7+ Kg6 37. Qxd5 Qxd2 38. Qg8+ 1/2-1/2

[Event "12. Friedrichrodaer Open"]
[Site "Friedrichroda"]
[Date "2008.08.06"]
[Round "1.5"]
[White "Klaus, Ingo"]
[Black "Hansch, Karsten"]
[Result "1-0"]
[WhiteElo "2148"]
[BlackElo "1581"]
[PlyCount "79"]
[EventDate "2008.08.??"]
[EventType "swiss"]
[EventRounds "7"]
[WhiteTeam "SK Engen"]
[BlackTeam "Stendaler Schachklub e.V."]

1. e4 c5 2. Nc3 Nc6 3. Bb5 d6 4. Bxc6+ bxc6 5. d3 Nf6 6. Nf3 e5 7. O-O Be7 8.
Nd2 O-O 9. f4 exf4 10. Rxf4 d5 11. Rf1 Bg4 12. Qe1 d4 13. Ne2 Nd7 14. Nf4 Bh4
15. g3 Bg5 16. Nc4 Qe7 17. b3 Ne5 18. Qa5 Nf3+ 19. Kg2 Bxf4 20. Bxf4 Rfd8 21.
Rxf3 Bxf3+ 22. Kxf3 g5 23. Qc7 Qf6 24. Qe5 Qxe5 25. Bxe5 h6 26. Kg4 Re8 27. Bd6
Rad8 28. Rf1 Re6 29. Bxc5 Rd7 30. Rf5 Kg7 31. Ne5 Rc7 32. Bxd4 f6 33. h4 Rce7
34. Nc4 Kg6 35. h5+ Kf7 36. e5 Rd7 37. Bc3 Rd8 38. exf6 Re2 39. Ne5+ Kf8 40.
Bb4+ 1-0

[Event "12. Friedrichrodaer Open"]
[Site "Friedrichroda"]
[Date "2008.08.06"]
[Round "1.6"]
[White "Hansch, Stephan"]
[Black "Stümer, Paul"]
[Result "0-1"]
[WhiteElo "1555"]
[BlackElo "2170"]
[PlyCount "66"]
[EventDate "2008.08.??"]
[EventType "swiss"]
[EventRounds "7"]
[WhiteTeam "Stendaler Schachklub e.V."]
[BlackTeam "Schachverein Bergneustadt/Dersch"]

1. d4 Nf6 2. Nf3 g6 3. e3 Bg7 4. Bd3 d6 5. O-O O-O 6. Nbd2 Nbd7 7. b3 Re8 8.
Bb2 e5 9. dxe5 dxe5 10. Bc4 Ng4 11. h3 Nh6 12. Ne4 Qe7 13. a4 Nb6 14. Ba3 Qd7
15. Qxd7 Bxd7 16. Nc5 Nxc4 17. Nxd7 Nxa3 18. Rxa3 b6 19. a5 e4 20. Nh2 Red8 21.
Rd1 f5 22. Ra4 b5 23. Ra2 Bc3 24. Rd5 b4 25. a6 c6 26. Rd6 Kf7 27. Nb6 axb6 28.
Rxc6 Rdb8 29. Rc7+ Ke6 30. a7 Rd8 31. Rb7 Rd7 32. Rxb6+ Ke7 33. Rb8 Raxa7 0-1

[Event "12. Friedrichrodaer Open"]
[Site "Friedrichroda"]
[Date "2008.08.06"]
[Round "1.7"]
[White "Stadtmueller, Harald"]
[Black "Schulze, Frank"]
[Result "1-0"]
[WhiteElo "2192"]
[BlackElo "1599"]
[PlyCount "35"]
[EventDate "2008.08.??"]
[EventType "swiss"]
[EventRounds "7"]
[WhiteTeam "VSG 1880 Offenbach"]
[BlackTeam "SG Grün-Weiß Dresden"]

1. d4 Nf6 2. Nf3 g6 3. Bf4 Bg7 4. e3 O-O 5. Be2 d6 6. h3 Nc6 7. O-O Nd7 8. Bh2
e5 9. c4 exd4 10. exd4 Qf6 11. Nc3 Nxd4 12. Nxd4 Qxd4 13. Nd5 Qc5 14. b4 Qd4
15. Nxc7 Qe4 16. Bf3 Qxc4 17. Rc1 Qxa2 18. Nxa8 1-0

[Event "12. Friedrichrodaer Open"]
[Site "Friedrichroda"]
[Date "2008.08.06"]
[Round "1.8"]
[White "Winter, Katharina"]
[Black "Haase, Reinhard"]
[Result "0-1"]
[WhiteElo "1486"]
[BlackElo "2136"]
[PlyCount "80"]
[EventDate "2008.08.??"]
[EventType "swiss"]
[EventRounds "7"]
[WhiteTeam "SV Lok Engelsdorf"]
[BlackTeam "SC Fulda"]

1. e4 c6 2. d4 d5 3. Nc3 dxe4 4. Nxe4 Bf5 5. Ng3 Bg6 6. Nf3 e6 7. Bf4 Nf6 8.
Bd3 Bd6 9. Bxd6 Qxd6 10. c3 Nbd7 11. O-O O-O-O 12. Ng5 Rdf8 13. f4 Kb8 14. N5e4
Qc7 15. Qf3 c5 16. Nxf6 Nxf6 17. dxc5 Qxc5+ 18. Kh1 Bxd3 19. Qxd3 Rd8 20. Qf3
Rd2 21. Ne4 Nxe4 22. Qxe4 Rxb2 23. Qd3 Qc6 24. Rf3 h5 25. c4 Qb6 26. Qc3 Rg8
27. Qe5+ Ka8 28. Qxh5 Rxa2 29. Qe5 Rxa1+ 30. Qxa1 Rd8 31. Rf1 Qd4 32. Qc1 a6
33. h3 Rc8 34. Rd1 Qxc4 35. Qd2 g6 36. Rb1 Qe4 37. Rb2 Qd5 38. Qf2 Qc5 39. Qxc5
Rxc5 40. Kg1 a5 0-1

[Event "12. Friedrichrodaer Open"]
[Site "Friedrichroda"]
[Date "2008.08.06"]
[Round "1.10"]
[White "Plötz, Hans-Jürgen"]
[Black "Michalowski, Peter"]
[Result "0-1"]
[WhiteElo "1631"]
[BlackElo "2038"]
[PlyCount "36"]
[EventDate "2008.08.??"]
[EventType "swiss"]
[EventRounds "7"]
[WhiteTeam "SC Bad Nauheim"]
[BlackTeam "SV Empor Erfurt"]

1. d4 Nf6 2. Nf3 e6 3. Bf4 c5 4. e3 Nc6 5. c4 cxd4 6. exd4 d5 7. cxd5 Nxd5 8.
Bg5 Bb4+ 9. Nbd2 Be7 10. Bxe7 Qxe7 11. Bb5 Bd7 12. a3 O-O 13. O-O Rfd8 14. Nb3
a6 15. Bxc6 Bxc6 16. Nc5 Nf4 17. g3 Nh3+ 18. Kg2 Ng5 0-1

[Event "12. Friedrichrodaer Open"]
[Site "Friedrichroda"]
[Date "2008.08.06"]
[Round "1.11"]
[White "Stiefel, Roland"]
[Black "Maslowski, Kai"]
[Result "1-0"]
[WhiteElo "2056"]
[BlackElo "1433"]
[PlyCount "55"]
[EventDate "2008.08.??"]
[EventType "swiss"]
[EventRounds "7"]
[WhiteTeam "ZSG Grün-Weiß Waltershausen"]
[BlackTeam "TSG Neuruppin"]

1. f4 c5 2. Nf3 e6 3. b3 b5 4. Bb2 Nf6 5. e3 a6 6. Be2 d5 7. a4 b4 8. O-O Nbd7
9. d3 Qb6 10. Kh1 Bd6 11. Ne5 O-O 12. Bf3 Bb7 13. Nd2 a5 14. Qe1 Rfd8 15. Qg3
Bxe5 16. fxe5 Ne8 17. Bh5 f5 18. exf6 Nexf6 19. Bxf6 Nxf6 20. Rxf6 Rf8 21. Raf1
c4 22. Rxf8+ Rxf8 23. Rxf8+ Kxf8 24. dxc4 dxc4 25. Nxc4 Qc5 26. Qb8+ Qc8 27.
Qxc8+ Bxc8 28. Nxa5 1-0

[Event "12. Friedrichrodaer Open"]
[Site "Friedrichroda"]
[Date "2008.08.06"]
[Round "1.12"]
[White "Krutsch, Thomas"]
[Black "Bohatschek, Daniel"]
[Result "0-1"]
[WhiteElo "1433"]
[BlackElo "1955"]
[PlyCount "46"]
[EventDate "2008.08.??"]
[EventType "swiss"]
[EventRounds "7"]
[WhiteTeam "SG Burgtonna"]
[BlackTeam "ZSG Grün-Weiß Waltershausen"]

1. d4 g6 2. Nf3 Bg7 3. c4 Nf6 4. Nc3 d6 5. e3 O-O 6. Be2 Na6 7. a3 c5 8. O-O
Bd7 9. Qb3 Rb8 10. d5 Nc7 11. e4 b5 12. cxb5 Nxb5 13. Qc2 Nd4 14. Qd1 Qb6 15.
Nd2 Nxe2+ 16. Qxe2 Ng4 17. Nc4 Qa6 18. f3 Bxc3 19. fxg4 Bd4+ 20. Kh1 Bb5 21.
Bh6 Bxc4 22. Qf3 Bxf1 23. Rxf1 Bg7 0-1

[Event "12. Friedrichrodaer Open"]
[Site "Friedrichroda"]
[Date "2008.08.06"]
[Round "1.13"]
[White "Vredenborg, Carel"]
[Black "Künne, Lutz Dieter"]
[Result "1-0"]
[WhiteElo "2010"]
[BlackElo "1593"]
[PlyCount "53"]
[EventDate "2008.08.??"]
[EventType "swiss"]
[EventRounds "7"]
[WhiteTeam "Charleroi Rotterdam"]
[BlackTeam "Kings Club 98 Jena"]

1. e4 c5 2. Nf3 e6 3. d4 cxd4 4. Nxd4 a6 5. g3 Qc7 6. Bg2 Nf6 7. O-O Nc6 8. Nc3
Be7 9. a4 O-O 10. Re1 Rd8 11. a5 Nxa5 12. e5 Ne8 13. Qg4 d5 14. exd6 Bxd6 15.
Qh5 Bc5 16. Bf4 Qe7 17. Nf5 Qf6 18. Nh6+ gxh6 19. Qxc5 Nc6 20. Qe3 Ng7 21. Ne4
Qxb2 22. Bxh6 f5 23. Nc3 Rd7 24. Na4 Qd4 25. Nb6 Qxe3 26. Bxe3 Rd6 27. Nxa8 1-0

[Event "12. Friedrichrodaer Open"]
[Site "Friedrichroda"]
[Date "2008.08.06"]
[Round "1.15"]
[White "Seifart, Mario"]
[Black "Maczollek, Helmut"]
[Result "1-0"]
[WhiteElo "1992"]
[BlackElo "1719"]
[PlyCount "85"]
[EventDate "2008.08.??"]
[EventType "swiss"]
[EventRounds "7"]
[WhiteTeam "SC Tempo Göttingen"]
[BlackTeam "Schachklub Turm Lage 1926"]

1. d4 d5 2. c4 Nf6 3. Nc3 e6 4. Nf3 c5 5. cxd5 cxd4 6. Qa4+ Nbd7 7. dxe6 fxe6
8. Nxd4 Qb6 9. e3 Bc5 10. Nb3 O-O 11. Be2 Ne5 12. Nxc5 Qxc5 13. O-O Bd7 14. Qd4
Qc7 15. f4 Nc6 16. Qc4 Kh8 17. b3 a6 18. Ba3 Rfe8 19. Rad1 Rac8 20. Bd6 Qd8 21.
Qd3 Qb6 22. Na4 Qa5 23. Nc5 Nb4 24. Nxb7 Qb6 25. Bxb4 Qxb7 26. Qd4 Bc6 27. Bf3
Bxf3 28. gxf3 Nd5 29. Bd6 Qf7 30. Rd2 Rc3 31. e4 Nxf4 32. Bxf4 Rcc8 33. Be5 Rg8
34. Rg2 Rcd8 35. Qb2 Qa7+ 36. Kh1 Rd7 37. Rfg1 Qb7 38. h4 Rf7 39. Bxg7+ Rgxg7
40. Rxg7 Rxg7 41. Qe5 Kg8 42. Qxe6+ Kh8 43. Qe8+ 1-0

[Event "12. Friedrichrodaer Open"]
[Site "Friedrichroda"]
[Date "2008.08.06"]
[Round "1.16"]
[White "Losch, Marika"]
[Black "Willems, Matthias"]
[Result "0-1"]
[WhiteElo "1276"]
[BlackElo "2032"]
[PlyCount "68"]
[EventDate "2008.08.??"]
[EventType "swiss"]
[EventRounds "7"]
[WhiteTeam "vereinslos"]
[BlackTeam "SC Bad Nauheim"]

1. e4 c5 2. Nf3 Nc6 3. Nc3 e6 4. Bb5 Nge7 5. Ne2 Qa5 6. Bxc6 Nxc6 7. O-O Be7 8.
d4 cxd4 9. Nfxd4 O-O 10. Qd3 d5 11. Nb3 dxe4 12. Qxe4 Qc7 13. Nbd4 Nxd4 14.
Nxd4 Bd6 15. h3 Bd7 16. c3 f5 17. Qe2 e5 18. Nb5 Qc6 19. Nxd6 Qxd6 20. Rd1 Qe6
21. b3 Rac8 22. Ba3 Rf6 23. c4 f4 24. Rd6 Qf5 25. Rad1 Rxd6 26. Bxd6 Re8 27.
Qd3 Qxd3 28. Rxd3 Bc6 29. Rd1 Re6 30. Ba3 Rg6 31. Rd8+ Kf7 32. f3 Bxf3 33. Rf8+
Ke6 34. Re8+ Kf5 0-1

[Event "12. Friedrichrodaer Open"]
[Site "Friedrichroda"]
[Date "2008.08.06"]
[Round "1.17"]
[White "Hilbenz, Guntram"]
[Black "Kirves, Bernd"]
[Result "1-0"]
[WhiteElo "2013"]
[BlackElo "1236"]
[PlyCount "77"]
[EventDate "2008.08.??"]
[EventType "swiss"]
[EventRounds "7"]
[WhiteTeam "SC Bad Nauheim"]
[BlackTeam "ZSG Grün-Weiß Waltershausen"]

1. Nf3 c5 2. c4 e6 3. g3 Nf6 4. Bg2 d5 5. b3 Be7 6. O-O Qc7 7. Bb2 Nbd7 8. e3
h6 9. Nc3 O-O 10. cxd5 Nxd5 11. Rc1 a6 12. Nxd5 exd5 13. d4 c4 14. bxc4 dxc4
15. Nd2 b5 16. Bxa8 Bb7 17. Bxb7 Qxb7 18. Qf3 Qb6 19. a3 Qa5 20. Nb1 Rc8 21.
Bc3 Qb6 22. Bb4 Bf6 23. Nc3 Qa7 24. a4 Qb8 25. axb5 axb5 26. Qd5 Rc7 27. Ra1
Nb6 28. Qxb5 Rb7 29. Qa5 Bd8 30. Qa3 Qc7 31. Rfb1 Qc6 32. Bc5 Rb8 33. Bxb6 Bxb6
34. Qa6 Qd6 35. Ra5 Bc7 36. Qxd6 Bxd6 37. Rxb8+ Kh7 38. Rb7 f6 39. Raa7 1-0

[Event "12. Friedrichrodaer Open"]
[Site "Friedrichroda"]
[Date "2008.08.06"]
[Round "1.18"]
[White "Urban, Thomas"]
[Black "Anschütz, Mario"]
[Result "0-1"]
[WhiteElo "1222"]
[BlackElo "2009"]
[PlyCount "68"]
[EventDate "2008.08.??"]
[EventType "swiss"]
[EventRounds "7"]
[WhiteTeam "TSG Apolda"]
[BlackTeam "ZSG Grün-Weiß Waltershausen"]

1. e4 e6 2. d4 d5 3. Nd2 c5 4. c3 Nc6 5. e5 cxd4 6. cxd4 Nxd4 7. Qa4+ Nc6 8.
Bb5 Bd7 9. Ngf3 Nge7 10. O-O Ng6 11. Bxc6 Bxc6 12. Qc2 Be7 13. b3 O-O 14. Bb2
Rc8 15. Rac1 Bb5 16. Qxc8 Qxc8 17. Rxc8 Rxc8 18. Rc1 Rxc1+ 19. Bxc1 Bc5 20. Bb2
Nf4 21. g3 Bxf2+ 22. Kxf2 Nd3+ 23. Ke3 Nxb2 24. a4 Nd1+ 25. Kd4 Be2 26. Kc5 Nc3
27. Nd4 Bd3 28. Kd6 Ne4+ 29. Nxe4 dxe4 30. Kc7 e3 31. a5 e2 32. Nxe2 Bxe2 33.
Kxb7 a6 34. b4 f6 0-1

[Event "12. Friedrichrodaer Open"]
[Site "Friedrichroda"]
[Date "2008.08.06"]
[Round "1.19"]
[White "Wüst, Michael"]
[Black "Burkhardt, Kai"]
[Result "1-0"]
[WhiteElo "2041"]
[BlackElo "1172"]
[PlyCount "73"]
[EventDate "2008.08.??"]
[EventType "swiss"]
[EventRounds "7"]
[WhiteTeam "PTSV SK Hof 1892"]
[BlackTeam "ZSG Grün-Weiß Waltershausen"]

1. d4 Nf6 2. c4 g6 3. Nc3 Bg7 4. e4 O-O 5. Nf3 e6 6. Bg5 d6 7. Be2 Re8 8. O-O
Nbd7 9. e5 c6 10. exf6 Nxf6 11. Qd2 d5 12. c5 b6 13. b4 Bb7 14. Rfe1 a5 15. a3
b5 16. Bf1 Qc7 17. Bf4 Qd7 18. Be5 Nh5 19. Bxg7 Nxg7 20. Ne5 Qd8 21. Bd3 f5 22.
Qh6 Qf6 23. Ne2 Ra7 24. h4 Rf8 25. Nd7 Qf7 26. Nxf8 Qxf8 27. Qg5 axb4 28. axb4
Ra4 29. Rxa4 bxa4 30. Ra1 Qa8 31. Ra3 Qe8 32. f4 Qb8 33. Qe7 Bc8 34. Rxa4 Nh5
35. Ra7 Bb7 36. Rxb7 Qf8 37. Qxh7# 1-0

[Event "12. Friedrichrodaer Open"]
[Site "Friedrichroda"]
[Date "2008.08.06"]
[Round "1.20"]
[White "Halle, Julia"]
[Black "Bauer, Andreas"]
[Result "0-1"]
[WhiteElo "900"]
[BlackElo "1986"]
[PlyCount "56"]
[EventDate "2008.08.??"]
[EventType "swiss"]
[EventRounds "7"]
[WhiteTeam "SG Burgtonna"]
[BlackTeam "SC Emmendingen 1937 e.V."]

1. e4 c5 2. Nf3 Nc6 3. Bc4 e5 4. c3 d6 5. O-O g6 6. d3 Bg7 7. Ng5 Nh6 8. Nd2
Qxg5 9. Nf3 Qd8 10. Be3 Ng4 11. Qd2 O-O 12. h3 Nxe3 13. Qxe3 h6 14. Rfe1 Kh7
15. Rad1 f5 16. exf5 Bxf5 17. Qd2 Bxh3 18. Bd5 Bg4 19. Qe3 Qd7 20. Rd2 Ne7 21.
Be4 d5 22. Bxg6+ Nxg6 23. d4 Bxf3 24. gxf3 Qh3 25. Rd3 Nf4 26. Qxf4 Rxf4 27.
dxe5 Rh4 28. b4 Qh1# 0-1

[Event "12. Friedrichrodaer Open"]
[Site "Friedrichroda"]
[Date "2008.08.06"]
[Round "1.21"]
[White "Wahlicht, Mike"]
[Black "Töpfer, Lisette"]
[Result "1-0"]
[WhiteElo "2002"]
[BlackElo "848"]
[PlyCount "73"]
[EventDate "2008.08.??"]
[EventType "swiss"]
[EventRounds "7"]
[WhiteTeam "SV Empor Erfurt"]
[BlackTeam "ZSG Grün-Weiß Waltershausen"]

1. e4 d6 2. d4 g6 3. Nc3 Bg7 4. f4 e6 5. Nf3 Ne7 6. Be3 b6 7. Qd2 h6 8. O-O-O
Bb7 9. h4 Nbc6 10. h5 Qd7 11. a3 O-O-O 12. Bb5 a6 13. Ba4 f5 14. d5 Bxc3 15.
Qxc3 fxe4 16. dxc6 Bxc6 17. Bxc6 Nxc6 18. Nd4 Kb7 19. hxg6 e5 20. Nxc6 Qxc6 21.
Qxc6+ Kxc6 22. f5 h5 23. Bg5 Rb8 24. f6 Rhc8 25. f7 a5 26. g7 a4 27. Bh6 Kd7
28. f8=Q Rxf8 29. gxf8=Q Rxf8 30. Bxf8 b5 31. Rxh5 Ke8 32. Bxd6 cxd6 33. Rxd6
Ke7 34. Ra6 Kf7 35. Rh7+ Kg8 36. Rb7 b4 37. Ra8# 1-0

[Event "12. Friedrichrodaer Open"]
[Site "Friedrichroda"]
[Date "2008.08.06"]
[Round "1.22"]
[White "Einax, Silvester"]
[Black "Geisler, Reinhard"]
[Result "0-1"]
[WhiteElo "832"]
[BlackElo "2042"]
[PlyCount "38"]
[EventDate "2008.08.??"]
[EventType "swiss"]
[EventRounds "7"]
[WhiteTeam "TSG Apolda"]
[BlackTeam "Schachklub Werther 1949 e.V."]

1. e4 c5 2. Nf3 d6 3. d4 cxd4 4. Nxd4 Nf6 5. Nc3 g6 6. Bb5+ Bd7 7. Bxd7+ Nbxd7
8. Bg5 Bg7 9. Nf3 O-O 10. O-O a6 11. Re1 Qa5 12. a3 h6 13. b4 Qc7 14. Bd2 Rfe8
15. h3 Rac8 16. Re3 Nb6 17. a4 Nc4 18. Rd3 Nb2 19. Nd5 Nxd5 0-1

[Event "12. Friedrichrodaer Open"]
[Site "Friedrichroda"]
[Date "2008.08.06"]
[Round "1.23"]
[White "Rößner, Uwe"]
[Black "Schirrmeister, Laura"]
[Result "1-0"]
[WhiteElo "1939"]
[BlackElo "823"]
[PlyCount "67"]
[EventDate "2008.08.??"]
[EventType "swiss"]
[EventRounds "7"]
[WhiteTeam "ESV Lok Meiningen"]
[BlackTeam "SG Burgtonna"]

1. g3 d6 2. Bg2 g6 3. c4 Bg7 4. Nf3 Nd7 5. d3 Ngf6 6. O-O O-O 7. Nc3 c5 8. Rb1
e5 9. Nd2 Rb8 10. Nb5 Nb6 11. Nxa7 Bf5 12. Nb5 d5 13. cxd5 Nfxd5 14. Ne4 Rc8
15. Bd2 c4 16. Ned6 Rc5 17. e4 Nc7 18. Nxb7 Qe7 19. Nxc7 Qxc7 20. Nxc5 Qxc5 21.
dxc4 Be6 22. b3 Qd4 23. Be3 Qc3 24. Bxb6 Bg4 25. Qxg4 Rb8 26. Bc7 Re8 27. Qd7
Rf8 28. Rfd1 Qb4 29. Bd6 Qa5 30. Bxf8 Bxf8 31. Qe8 Qc3 32. Rd7 Qb4 33. Qxf7+
Kh8 34. Qxh7# 1-0

[Event "12. Friedrichrodaer Open"]
[Site "Friedrichroda"]
[Date "2008.08.07"]
[Round "2.1"]
[White "Richter, Jan"]
[Black "Gutman, Lev"]
[Result "0-1"]
[WhiteElo "2068"]
[BlackElo "2497"]
[PlyCount "68"]
[EventDate "2008.08.??"]
[EventType "swiss"]
[EventRounds "7"]
[WhiteTeam "SV Schott Jena"]
[BlackTeam "SC Melle 03"]

1. Nf3 Nf6 2. g3 g6 3. Bg2 Bg7 4. c4 O-O 5. O-O a6 6. d4 b5 7. Ne5 Ra7 8. Nc3
b4 9. Nd5 c5 10. Nd3 Nxd5 11. cxd5 Bxd4 12. Bh6 Re8 13. e3 Bh8 14. Nxc5 d6 15.
Nd3 a5 16. Qb3 Ba6 17. Rfd1 Bxd3 18. Qxd3 Bxb2 19. f4 Nd7 20. Rab1 Bf6 21. h4
Qb6 22. Rbc1 Rc7 23. Rc6 Rxc6 24. dxc6 Nc5 25. Qd5 Na4 26. Re1 Nc3 27. Qc4 e6
28. f5 d5 29. Qf4 exf5 30. Qd6 Be5 31. Qd7 Rd8 32. Qe7 Qc7 33. Bg5 Qxe7 34.
Bxe7 Rc8 0-1

[Event "12. Friedrichrodaer Open"]
[Site "Friedrichroda"]
[Date "2008.08.07"]
[Round "2.3"]
[White "Willems, Matthias"]
[Black "Natsidis, Christoph"]
[Result "0-1"]
[WhiteElo "2032"]
[BlackElo "2309"]
[PlyCount "49"]
[EventDate "2008.08.??"]
[EventType "swiss"]
[EventRounds "7"]
[WhiteTeam "SC Bad Nauheim"]
[BlackTeam "SC Leipzig-Gohlis"]

1. c4 Nf6 2. g3 e6 3. Nf3 b6 4. Bg2 Bb7 5. O-O Be7 6. Nc3 O-O 7. b3 d6 8. Bb2
c5 9. e3 a6 10. d3 Nbd7 11. Ne1 Bxg2 12. Kxg2 Qc7 13. f4 b5 14. Qf3 Rab8 15. g4
bxc4 16. dxc4 Nb6 17. g5 Nfd7 18. h4 Nxc4 19. Bc1 Ncb6 20. f5 Ne5 21. Qh3 exf5
22. Rxf5 c4 23. Nf3 cxb3 24. Ne4 Qc2+ 25. Kg3 0-1

[Event "12. Friedrichrodaer Open"]
[Site "Friedrichroda"]
[Date "2008.08.07"]
[Round "2.4"]
[White "Heß, Jürgen"]
[Black "Klaus, Ingo"]
[Result "1/2-1/2"]
[WhiteElo "2034"]
[BlackElo "2148"]
[PlyCount "74"]
[EventDate "2008.08.??"]
[EventType "swiss"]
[EventRounds "7"]
[WhiteTeam "ESV Lok Sömmerda"]
[BlackTeam "SK Engen"]

1. e4 e6 2. d4 d5 3. Nd2 Nf6 4. e5 Nfd7 5. Ngf3 c5 6. c4 cxd4 7. cxd5 exd5 8.
Bd3 Nc6 9. O-O Be7 10. Re1 O-O 11. Nb3 Re8 12. Bf4 Nf8 13. a3 Bg4 14. Be2 Bxf3
15. Bxf3 Ne6 16. g3 a5 17. Bg4 Qb6 18. Rb1 a4 19. Nd2 Nc5 20. Nf3 Rad8 21. Nxd4
Nb3 22. Nxb3 axb3 23. Qd3 Bc5 24. Re2 Nd4 25. Rd2 Ne6 26. Bf5 g6 27. Bxe6 fxe6
28. Be3 Bxe3 29. fxe3 Rf8 30. Rf1 Rxf1+ 31. Kxf1 Rc8 32. Qd4 Rc1+ 33. Kf2 Qb5
34. Re2 Rc2 35. Qg4 Qc6 36. Rxc2 Qxc2+ 37. Kf3 Qf5+ 1/2-1/2

[Event "12. Friedrichrodaer Open"]
[Site "Friedrichroda"]
[Date "2008.08.07"]
[Round "2.5"]
[White "Stümer, Paul"]
[Black "Seifart, Mario"]
[Result "1/2-1/2"]
[WhiteElo "2170"]
[BlackElo "1992"]
[PlyCount "68"]
[EventDate "2008.08.??"]
[EventType "swiss"]
[EventRounds "7"]
[WhiteTeam "Schachverein Bergneustadt/Dersch"]
[BlackTeam "SC Tempo Göttingen"]

1. c4 e6 2. g3 d5 3. Bg2 Nf6 4. Nf3 Be7 5. O-O b6 6. Ne5 O-O 7. Qc2 Bb7 8. d4
Na6 9. Nc3 c5 10. Rd1 Nc7 11. Bf4 Rc8 12. Qa4 cxd4 13. Rxd4 Bc5 14. Rd2 a5 15.
Rad1 Qe8 16. Bg5 Qxa4 17. Nxa4 Rfd8 18. a3 Rd6 19. Nd3 Nce8 20. b4 axb4 21.
axb4 Bd4 22. e3 Ra8 23. c5 bxc5 24. bxc5 Rda6 25. Nb6 Bc3 26. Rc2 Ra1 27. Rdc1
Rxc1+ 28. Rxc1 Ra3 29. Bxf6 Nxf6 30. Nf4 Ne8 31. Ne2 Ra1 32. Rxa1 Bxa1 33. Nd4
Bxd4 34. exd4 Bc6 1/2-1/2

[Event "12. Friedrichrodaer Open"]
[Site "Friedrichroda"]
[Date "2008.08.07"]
[Round "2.6"]
[White "Anschütz, Mario"]
[Black "Stadtmueller, Harald"]
[Result "1/2-1/2"]
[WhiteElo "2009"]
[BlackElo "2192"]
[PlyCount "77"]
[EventDate "2008.08.??"]
[EventType "swiss"]
[EventRounds "7"]
[WhiteTeam "ZSG Grün-Weiß Waltershausen"]
[BlackTeam "VSG 1880 Offenbach"]

1. d4 d6 2. e4 Nf6 3. Bd3 c6 4. f4 Bg4 5. Nf3 e5 6. O-O exd4 7. Qe1 Bxf3 8.
Rxf3 Be7 9. e5 Nd5 10. e6 fxe6 11. Qxe6 Qd7 12. Qe4 Nf6 13. Qxd4 c5 14. Qf2 Nc6
15. Nc3 d5 16. Qg3 O-O-O 17. a4 c4 18. Bf1 Nd4 19. Rf2 Nf5 20. Qf3 Bc5 21. Kh1
Bxf2 22. Qxf2 d4 23. Nb5 a6 24. Na3 Ng4 25. Qf3 Nge3 26. Nxc4 Nxc4 27. Bxc4
Rhe8 28. Bd2 Ne3 29. Bd3 g6 30. b4 Qd5 31. Qh3+ Rd7 32. b5 Nc4 33. Be1 a5 34.
f5 Re3 35. Bg3 Ne5 36. fxg6 hxg6 37. Rf1 b6 38. Qh8+ Rd8 39. Qh3+ 1/2-1/2

[Event "12. Friedrichrodaer Open"]
[Site "Friedrichroda"]
[Date "2008.08.07"]
[Round "2.7"]
[White "Haase, Reinhard"]
[Black "Hilbenz, Guntram"]
[Result "1-0"]
[WhiteElo "2136"]
[BlackElo "2013"]
[PlyCount "79"]
[EventDate "2008.08.??"]
[EventType "swiss"]
[EventRounds "7"]
[WhiteTeam "SC Fulda"]
[BlackTeam "SC Bad Nauheim"]

1. d4 d6 2. g3 e5 3. dxe5 dxe5 4. Qxd8+ Kxd8 5. Bg2 c6 6. Nd2 Be6 7. Ngf3 f6 8.
Nb3 Nd7 9. Be3 Nh6 10. Bxh6 gxh6 11. Nh4 a5 12. O-O a4 13. Nd2 Bc5 14. Be4 Ke7
15. Bf5 Bb6 16. Ne4 Nc5 17. Nxc5 Bxc5 18. Rad1 Rad8 19. Bxe6 Kxe6 20. e4 Rd4
21. Rxd4 Bxd4 22. c3 Bb6 23. Rd1 Rd8 24. Rxd8 Bxd8 25. Nf5 b5 26. Kf1 Be7 27.
Nxh6 Bf8 28. Nf5 h5 29. Ke2 Kf7 30. Kd3 Bc5 31. f3 Bf8 32. Kc2 Bc5 33. b3 axb3+
34. Kxb3 Bf8 35. c4 Ke6 36. a4 bxa4+ 37. Kxa4 Kd7 38. Ka5 Kc7 39. g4 hxg4 40.
fxg4 1-0